| 000 | 01035nam a22002898i 4500 | ||
|---|---|---|---|
| 001 | 018508528 | ||
| 003 | EG-ScBUE | ||
| 005 | 20230925092145.0 | ||
| 008 | 170905s2017 e a f b 001 0 eng d | ||
| 020 | _a9781138403246 (hbk.) | ||
| 040 |
_aStDuBDS _beng _erda _cStDuBDS _dEG-ScBUE |
||
| 082 | 0 | 4 |
_a741.58 _222 _bWHI |
| 100 | 1 |
_aWhite, Tony, _d1947- _eauthor. |
|
| 245 | 1 | 0 |
_aHow to make animated films : _bTony White's complete masterclass on the traditional principles of animation / _cTony White. |
| 264 | 1 |
_aLondon ; _aNew York : _bFocal Press Book, _c2017. |
|
| 300 |
_axxxv, 475 pages : _billustrations (some color) ; _c25 cm |
||
| 336 |
_atext _2rdacontent _btxt |
||
| 337 |
_aunmediated _2rdamedia _bn |
||
| 338 |
_avolume _2rdacarrier _bnc |
||
| 500 | _aOriginally published: 2009. | ||
| 504 | _aIncludes bibliographical references and index. | ||
| 650 | 7 |
_aAnimated films _xTechnique. _2BUEsh |
|
| 650 | 7 |
_aAnimation (Cinematography) _2BUEsh |
|
| 653 |
_cSeptember2023 _bART _2IA |
||
| 655 | _vReading book | ||
| 942 |
_2ddc _cBB |
||
| 999 |
_c30570 _d30541 |
||